Orgánové transplantácie multidisciplinárny časopis pre transplantačnú problematiku

Bibliographic Details
Other Authors: Grandtnerová, Barbara (Publishing director)
Format: Journal
Language:Slovak
Czech
PhysicalDescription:7 zv. 30 cm
Published: Martin Martinská fakultná nemocnica 2005-2011
ISSN:1336-7129
Subjects:

MARC

LEADER 00000cas a2200000 a 4500
001 vtls008831385
003 SK-MaSNL
005 20260228161100.0
008 060717d20052011xo x p 0 b0slo
022 |a 1336-7129 
040 |a SVKPO  |b slo  |c SVKPO  |d SNK  |d SAVUK  |e AACR2 
041 0 |a slo  |a cze 
044 |a xo  |c SK 
072 7 |a 617  |x Ortopédia. Chirurgia. Oftalmológia  |2 konspekt 
080 |a 617-089  |2 2001 
080 |a 616-089.843  |2 2001 
080 |a 050  |2 2001 
210 0 |a Orgánové transpl. 
222 0 |a Orgánové transplantácie 
245 0 0 |a Orgánové transplantácie  |b multidisciplinárny časopis pre transplantačnú problematiku 
260 |a Martin  |b Martinská fakultná nemocnica  |c 2005-2011 
300 |a 7 zv.  |c 30 cm 
310 |a Nepravidelne 
362 0 |a Roč. 1, č. 1 (2005)-roč. 7, č. 2 (2011) 
500 |a Reg. č.: MK SR 3378/2005 
500 |a Šéfredaktor: 2005-2011, Barbara Grandtnerová 
546 |a Text aj v česky 
650 0 7 |a transplantácia  |2 SNKPH  |9 2609 
650 0 7 |a chirurgia  |2 SNKPH  |9 2178 
655 7 |a odborné časopisy  |2 SNKPH  |9 70505 
700 1 |a Grandtnerová, Barbara  |4 pbd  |9 11930 
710 2 |a Martinská fakultná nemocnica.  |b Transplantačné centrum  |4 pbl  |9 267947 
850 |a Štátna vedecká knižnica v Prešove 
852 |a Štátna vedecká knižnica v Banskej Bystrici 
910 |a savuk 
910 |a snk 
916 |a 2005-2011 
999 |c 4252  |d 6182 
952 |0 0  |1 0  |4 0  |7 0  |8 0  |a SNK  |b SNK  |d 2014-10-16  |f 1  |i snk2014/22077  |l 0  |o snkČSB 5921/1/2005  |p 17A1089102  |r 2026-02-21 19:45:03  |t č. 1-2  |w 2026-02-21  |y PREZ 
952 |0 0  |1 0  |4 0  |7 0  |8 0  |a SNK  |b SNK  |d 2014-10-16  |i snk2014/22085  |l 0  |o snkČSB 5921/1/2005 D1  |p 17A1089101  |r 2026-02-21 19:45:03  |t č. 1-2  |w 2026-02-21  |y PREZ 
952 |0 0  |1 0  |4 0  |7 0  |8 0  |a SNK  |b SNK  |d 2014-10-16  |f 1  |i snk2014/22090  |l 0  |o snkČSB 5921/2/2006  |p 17A1089100  |r 2026-02-21 19:45:04  |t č. 1-4  |w 2026-02-21  |y PREZ 
952 |0 0  |1 0  |4 0  |7 0  |8 0  |a SNK  |b SNK  |d 2014-10-16  |i snk2014/22092  |l 0  |o snkČSB 5921/2/2006 D1  |p 17A1089099  |r 2026-02-21 19:45:04  |t č. 1-4  |w 2026-02-21  |y PREZ 
952 |0 0  |1 0  |4 0  |7 0  |8 0  |a SNK  |b SNK  |d 2014-10-16  |f 1  |i snk2014/22094  |l 0  |o snkČSB 5921/3/2007  |p 17A1089098  |r 2026-02-21 19:45:04  |t č. 1-2  |w 2026-02-21  |y PREZ 
952 |0 0  |1 0  |4 0  |7 0  |8 0  |a SNK  |b SNK  |d 2014-10-16  |i snk2014/22097  |l 0  |o snkČSB 5921/3/2007 D1  |p 17A1089097  |r 2026-02-21 19:45:04  |t č. 1-2  |w 2026-02-21  |y PREZ 
952 |0 0  |1 0  |4 0  |7 0  |8 0  |a SNK  |b SNK  |d 2014-10-16  |f 1  |i snk2014/22100  |l 0  |o snkČSB 5921/4/2008  |p 17A1089096  |r 2026-02-21 19:45:04  |t č. 1  |w 2026-02-21  |y PREZ 
952 |0 0  |1 0  |4 0  |7 0  |8 0  |a SNK  |b SNK  |d 2014-10-16  |i snk2014/22101  |l 0  |o snkČSB 5921/4/2008 D1  |p 17A1089095  |r 2026-02-21 19:45:04  |t č. 1  |w 2026-02-21  |y PREZ 
952 |0 0  |1 0  |4 0  |7 0  |8 0  |a SNK  |b SNK  |d 2014-10-16  |f 1  |i snk2014/22103  |l 0  |o snkČSB 5921/5/2009  |p 17A1089094  |r 2026-02-21 19:45:04  |t č. 1-4  |w 2026-02-21  |y PREZ 
952 |0 0  |1 0  |4 0  |7 0  |8 0  |a SNK  |b SNK  |d 2014-10-16  |i snk2014/22107  |l 0  |o snkČSB 5921/5/2009 D1  |p 17A1089093  |r 2026-02-21 19:45:04  |t č. 1-4  |w 2026-02-21  |y PREZ 
952 |0 0  |1 0  |4 0  |7 0  |8 0  |a SNK  |b SNK  |d 2014-10-16  |f 1  |i snk2014/22110  |l 0  |o snkČSB 5921/6/2010  |p 17A1089092  |r 2026-02-21 19:45:04  |t č. 1-4  |w 2026-02-21  |y PREZ 
952 |0 0  |1 0  |4 0  |7 0  |8 0  |a SNK  |b SNK  |d 2014-10-16  |i snk2014/22112  |l 0  |o snkČSB 5921/6/2010 D1  |p 17A1089091  |r 2026-02-21 19:45:04  |t č. 1-4  |w 2026-02-21  |y PREZ 
952 |0 0  |1 0  |4 0  |7 0  |8 0  |a SNK  |b SNK  |d 2014-10-16  |f 1  |i snk2014/22114  |l 0  |o snkČSB 5921/7/2011  |p 17A1089090  |r 2026-02-21 19:45:04  |t č. 1-2  |w 2026-02-21  |y PREZ 
952 |0 0  |1 0  |4 0  |7 0  |8 0  |a SNK  |b SNK  |d 2014-10-16  |i snk2014/22116  |l 0  |o snkČSB 5921/7/2011 D1  |p 17A1089089  |r 2026-02-21 19:45:04  |t č. 1-2  |w 2026-02-21  |y PREZ